000 01063cad a22002415a 4500
001 L146458
008 090122e20090116xxkd f s 000 0 eng d
035 _a(Sirsi) u146458
041 0 _aeng
050 0 4 _a333.33 $2 18
110 2 _aRoyal Institution of Chartered Surveyors
_bEconomics
_95033
245 0 0 _aRICS global real estate weekly
_b16 January 2009
_h[electronic resource]
260 _aLondon
_bRICS
_c2009
490 0 _aRICS Global Real Estate Weekly
_v16 January 2009
520 _aConsiders the near term prospects for US housebuilders and the worsening economic environment in Hungary. Comments on the outlook for Chinese real estate investment and Euro area construction numbers.
590 _aKA
650 2 4 _aRICS GLOBAL REAL ESTATE WEEKLY
651 4 _aInternational
690 _aBUILT ENVIRONMENT-CONSTRUCTION MARKET
690 _aPROPERTY-COMMERCIAL PROPERTY-COMMERCIAL PROPERTY MARKET
856 4 0 _uhttps://www.rics.org/site/scripts/download_info.aspx?downloadID=1155
_zView this item free of charge at www.rics.org...
942 _n0
999 _c109180
_d109180